Religious and Ethnic Minority in South Asia (Record no. 6506)

MARC details
000 -LEADER
fixed length control field 00625nam a2200241 a 4500
020 ## - INTERNATIONAL STANDARD BOOK NUMBER
ISBN 8185054
082 00 - DEWEY DECIMAL CLASSIFICATION NUMBER
Classification number 320.56954
Author Cutter VAJ
100 ## - MAIN ENTRY--AUTHOR NAME
Author name Vajpey, Dhirendra
245 ## - TITLE STATEMENT
Title Religious and Ethnic Minority in South Asia
260 ## - PUBLICATION, DISTRIBUTION, ETC. (IMPRINT)
Place of publication Delhi
Name of publisher Manohar Pub.
Year of publication 1989
300 ## - PHYSICAL DESCRIPTION
Number of Pages 203p
500 ## - GENERAL NOTE
General note includes index and biblioraphy
505 2# - FORMATTED CONTENTS NOTE
Formatted contents note Bibliography
650 ## - SUBJECT ADDED ENTRY--TOPICAL TERM
Topical Term Politics-South Asia
650 ## - SUBJECT ADDED ENTRY--TOPICAL TERM
Topical Term South Asia-Politics & Racism
942 ## - ADDED ENTRY ELEMENTS (KOHA)
Koha item type Books
Holdings
Collection code Home library Current library Date acquired Cost, normal purchase price Full call number Accession Number Koha item type
  Henry Martyn Institute Library Henry Martyn Institute Library 05/08/2007 150.00 320.56954 VAJ 014189 Books
                   Copyright © 2026 | Henry Martyn Institute | Hyderabad | TS-500052 | INDIA | Implemented by hmi.edu.in
Hit-Count:

Powered by Koha